Súčasný stav informatizácie verejnej správy v Slovenskej republike
Ciele, prínosy a riziká implementácie elektronických služieb verejnej správy. Prínosy informatizácie verejnej správy. Riziká implementácie elektronických služieb verejnej správy. Úroveň elektronizácie verejnej správy na Slovensku. Legislatívny rámec pre informatizáciu spoločnosti. Možnosti finančnýc...
Saved in:
| Main Author: | |
|---|---|
| Format: | Book Chapter |
| Language: | Slovak |
| Subjects: | |
| Tags: |
No Tags, Be the first to tag this record!
|
MARC
| LEADER | 00000naa$a2200000$$$4500 | ||
|---|---|---|---|
| 001 | 0075719 | ||
| 005 | 20240502071904.3 | ||
| 041 | 0 | |a slo | |
| 044 | |a SK | ||
| 245 | 1 | 0 | |a Súčasný stav informatizácie verejnej správy v Slovenskej republike |c Dana Benešová |
| 520 | |a Ciele, prínosy a riziká implementácie elektronických služieb verejnej správy. Prínosy informatizácie verejnej správy. Riziká implementácie elektronických služieb verejnej správy. Úroveň elektronizácie verejnej správy na Slovensku. Legislatívny rámec pre informatizáciu spoločnosti. Možnosti finančných zdrojov pre rozvoj e-governmentu. | ||
| 610 | 2 | 0 | |a správa verejná |
| 610 | 2 | 0 | |a informatizácia |
| 610 | 2 | 0 | |a služby |
| 610 | 2 | 0 | |a elektronizácia |
| 610 | 2 | 0 | |a využitie počítačov |
| 610 | 2 | 0 | |a financovanie |
| 610 | 2 | 0 | |a legislatíva |
| 610 | 2 | 0 | |a Slovensko |
| 100 | 1 | |a Benešová, Dana, 1958- | |